MARC

Tag First Indicator Second Indicator Subfields
LEADER 00000cam a2200000 a 4500
001 in00002467423
005 20151110040818.0
008 080118s2008 okuab b s001 0 eng
010 |a  2008001816 
020 |a 9780806139395 (hardcover : alk. paper) 
020 |a 0806139390 (hardcover : alk. paper) 
035 |a (OCoLC)ocn191732269 
040 |a DLC  |c DLC  |d UtOrBLW 
043 |a n-us---  |a n-mx--- 
049 |a TXAM 
050 0 0 |a F392.R5  |b C65 2008 
082 0 0 |a 976.4/4905  |2 22 
100 1 |a Collins, Michael L.,  |d 1950- 
245 1 0 |a Texas devils :  |b Rangers and regulars on the lower Rio Grande, 1846-1861 /  |c Michael L. Collins. 
264 1 |a Norman :  |b University of Oklahoma Press,  |c [2008] 
264 4 |c ©2008 
300 |a xi, 316 pages :  |b illustrations, map ;  |c 24 cm. 
336 |a text  |b txt  |2 rdacontent 
337 |a unmediated  |b n  |2 rdamedia 
338 |a volume  |b nc  |2 rdacarrier 
504 |a Includes bibliographical references (pages 289-302) and index. 
651 0 |a Lower Rio Grande Valley (Tex.)  |x History  |y 19th century. 
651 0 |a Lower Rio Grande Valley (Tex.)  |x Ethnic relations  |x History  |y 19th century. 
610 2 0 |a Texas Rangers  |x History  |y 19th century. 
610 1 0 |a Texas.  |b Militia  |x History  |y 19th century. 
650 0 |a Mexicans  |z Texas  |z Lower Rio Grande Valley  |x History  |y 19th century. 
650 0 |a Culture conflict  |z Texas  |z Lower Rio Grande Valley  |x History  |y 19th century. 
650 0 |a Frontier and pioneer life  |z Texas, South. 
650 0 |a Frontier and pioneer life  |z Texas  |z Lower Rio Grande Valley. 
651 0 |a Texas, South  |x Relations  |z Mexico. 
651 0 |a Mexico  |x Relations  |z Texas, South. 
945 |a PromptCat 
946 |a stk 
947 |a A14837414782 
948 |a cataloged  |b h  |c 2009/1/6  |d c  |e dmitchel  |f 12:00:00 pm 
994 |a 92  |b TXA 
999 |a MARS 
999 f f |s 83fd3ff2-010b-393c-ba9c-ca1e0e31b3dc  |i ddb93bd2-341c-38e4-a8a3-34e971dd46fd  |t 0 
952 f f |p normal  |a Texas A&M University  |b College Station  |c Sterling C. Evans Library  |d Evans: Library Stacks  |t 0  |e F392.R5 C65 2008  |h Library of Congress classification  |i unmediated -- volume  |m A14837414782 
998 f f |a F392.R5 C65 2008  |t 0  |l Evans: Library Stacks